000 00388nam a2200157Ia 4500
008 210716s2006 xx 000 0 und d
020 _a8131405745
041 _aeng
082 _a658.4092 KUMK
100 _aKumar, K B S.
245 _aThought leaders on leadership.
250 _a1
260 _aHyderabad
_bICFAI University Press
_c2006
300 _axi,221
650 _aLeadership
999 _c202434
_d202434